INDIAN BAR REVIEW [Vol.XLIII (3)2016 ,JULY TO SEPTEMBER] (Record no. 7418)

MARC details
000 -LEADER
fixed length control field 00401nam a22001457a 4500
005 - DATE AND TIME OF LATEST TRANSACTION
control field 20200710135138.0
008 - FIXED-LENGTH DATA ELEMENTS--GENERAL INFORMATION
fixed length control field 200710b xxu||||| |||| 00| 0 eng d
082 ## - DEWEY DECIMAL CLASSIFICATION NUMBER
Classification number 345.4005 BHA-I
100 ## - MAIN ENTRY--AUTHOR NAME
Personal name BHATT VIJAY
245 ## - TITLE STATEMENT
Title INDIAN BAR REVIEW [Vol.XLIII (3)2016 ,JULY TO SEPTEMBER]
260 ## - PUBLICATION, DISTRIBUTION, ETC. (IMPRINT)
Place of publication NEW DELHI
Name of publisher BAR COUNCIL OF INDIA TRUST
Year of publication 2016
300 ## - PHYSICAL DESCRIPTION
Number of Pages 258p.
650 ## - SUBJECT ADDED ENTRY--TOPICAL TERM
Topical Term LAW
942 ## - ADDED ENTRY ELEMENTS (KOHA)
Koha item type Journals/Serial
Holdings
Lost status Damaged status Collection code Home library Current library Shelving location Date acquired Source of acquisition Cost, normal purchase price Full call number Accession Number Koha item type
    LAW JRU Library JRU Library SHELF-33-C 22/07/2020 PURCHASE 16000.00 345.4005 BHA-I 25050 Journals/Serial
    LAW JRU Library JRU Library SHELF-33-C 22/07/2020 PURCHASE 16000.00 345.4005 BHA-I 25051 Journals/Serial
    LAW JRU Library JRU Library SHELF-33-C 22/07/2020 PURCHASE 16000.00 345.4005 BHA-I 25052 Journals/Serial
    LAW JRU Library JRU Library SHELF-33-C 22/07/2020 PURCHASE 16000.00 345.4005 BHA-I 25053 Journals/Serial
    LAW JRU Library JRU Library SHELF-33-C 22/07/2020 PURCHASE 16000.00 345.4005 BHA-I 25054 Journals/Serial
    LAW JRU Library JRU Library SHELF-33-C 22/07/2020 PURCHASE 16000.00 345.4005 BHA-I 25055 Journals/Serial
    LAW JRU Library JRU Library SHELF-33-C 22/07/2020 PURCHASE 16000.00 345.4005 BHA-I 25056 Journals/Serial
    LAW JRU Library JRU Library SHELF-33-C 22/07/2020 PURCHASE 16000.00 345.4005 BHA-I 25057 Journals/Serial
    LAW JRU Library JRU Library SHELF-33-C 22/07/2020 PURCHASE 16000.00 345.4005 BHA-I 25058 Journals/Serial
    LAW JRU Library JRU Library SHELF-33-C 22/07/2020 PURCHASE 16000.00 345.4005 BHA-I 25059 Journals/Serial